[Event "Plancoet op 12th"]
[Site "Plancoet"]
[Date "2015.07.28"]
[Round "4"]
[White "Gavrilov, Alexei"]
[Black "Reboud, Joseph"]
[Result "1-0"]
[WhiteElo "2411"]
[BlackElo "1924"]
[PlyCount "29"]
[EventDate "2015.07.26"]
[EventType "swiss"]
[EventRounds "9"]
[EventCountry "FRA"]
[SourceTitle "EXT 2016"]
[Source "ChessBase"]
[SourceDate "2015.10.08"]
[SourceVersion "1"]
[SourceVersionDate "2015.10.08"]
[SourceQuality "1"]

1. d4 e6 2. c4 c5 3. d5 exd5 4. cxd5 d6 5. Nc3 Be7 6. Nf3 Bf6 7. Bf4 Ne7 8. Qa4+ Bd7 9. Qb3 Qc7 10. Ne4 Nc8 11. Nxf6+ gxf6 12. Qc3 Qd8 13. Bg5 Rg8 14. Bxf6 Qc7 15. Qe3+ 1-0

[Event "FRA-chT U20"]
[Site "Colmar"]
[Date "2013.12.08"]
[Round "?"]
[White "Burri, Quentin"]
[Black "Reboud, Joseph"]
[Result "1-0"]
[WhiteElo "2052"]
[BlackElo "1679"]
[PlyCount "49"]
[EventDate "2013.12.07"]
[EventType "swiss"]
[EventRounds "6"]
[EventCountry "FRA"]
[SourceTitle "EXT 2015"]
[Source "ChessBase"]
[SourceDate "2014.11.20"]
[SourceVersion "1"]
[SourceVersionDate "2014.11.20"]
[SourceQuality "1"]

1. e4 e6 2. d4 d5 3. Nd2 c5 4. exd5 exd5 5. Ngf3 Nc6 6. Bb5 Bd6 7. dxc5 Bxc5 8. 0-0 Nge7 9. Nb3 Bb6 10. Re1 0-0 11. Be3 Bf5 12. c3 Be4 13. Bc5 Re8 14. Nfd4 a6 15. Bxe7 Rxe7 16. Bxc6 bxc6 17. Nxc6 Qd6 18. Nxe7+ Qxe7 19. Nd4 Qd6 20. f3 Bg6 21. Qe2 h6 22. Qe5 Qd7 23. Kh1 Kf8 24. Qf4 Bc7 25. Ne6+ 1-0

[Event "FRA-chT U20"]
[Site "Colmar"]
[Date "2013.12.08"]
[Round "?"]
[White "Reboud, Joseph"]
[Black "Guerin, Juliette"]
[Result "1-0"]
[WhiteElo "1679"]
[BlackElo "1634"]
[PlyCount "61"]
[EventDate "2013.12.07"]
[EventType "swiss"]
[EventRounds "6"]
[EventCountry "FRA"]
[SourceTitle "EXT 2015"]
[Source "ChessBase"]
[SourceDate "2014.11.20"]
[SourceVersion "1"]
[SourceVersionDate "2014.11.20"]
[SourceQuality "1"]

1. d4 Nf6 2. c4 g6 3. Nc3 d5 4. cxd5 Nxd5 5. e4 Nxc3 6. bxc3 Bg7 7. Nf3 0-0 8. Rb1 c5 9. Be2 Nc6 10. d5 Ne5 11. Nxe5 Bxe5 12. c4 Qc7 13. Qd2 f5 14. f4 Bd4 15. e5 b6 16. Bb2 Bxb2 17. Qxb2 Ba6 18. 0-0 Rad8 19. Rfd1 Rd7 20. Qc3 Rb8 21. Bf3 Bb7 22. Rd2 Rbd8 23. Rdb2 Ba6 24. Rd2 Bb7 25. Rdb2 Ba6 26. d6 Qc8 27. Bd5+ e6 28. Bxe6+ Kf8 29. Bxd7 Qxd7 30. e6 Qxd6 31. Qh8+ 1-0

[Event "FRA-chT U20"]
[Site "Colmar"]
[Date "2013.12.07"]
[Round "?"]
[White "Reboud, Joseph"]
[Black "Gautier, Anand"]
[Result "0-1"]
[WhiteElo "1679"]
[BlackElo "2011"]
[PlyCount "66"]
[EventDate "2013.12.07"]
[EventType "swiss"]
[EventRounds "6"]
[EventCountry "FRA"]
[SourceTitle "EXT 2015"]
[Source "ChessBase"]
[SourceDate "2014.11.20"]
[SourceVersion "1"]
[SourceVersionDate "2014.11.20"]
[SourceQuality "1"]

1. d4 g6 2. c4 Bg7 3. Nc3 d6 4. e4 Nd7 5. Be3 e5 6. d5 a6 7. Bd3 Nc5 8. Bc2 a5 9. Nge2 Ne7 10. 0-0 0-0 11. Rb1 f5 12. exf5 Nxf5 13. b3 Nxe3 14. fxe3 Qg5 15. Rxf8+ Bxf8 16. Qe1 Qxe3+ 17. Qf2 Qxf2+ 18. Kxf2 Bd7 19. a3 Bh6 20. Ng3 Rf8+ 21. Ke1 Bf4 22. Nce2 Be3 23. Ne4 Bf5 24. N2g3 Bf2+ 25. Kd2 Bxg3 26. Nxg3 Bxc2 27. Kxc2 Rf2+ 28. Kc3 Rxg2 29. Rb2 Rxb2 30. Kxb2 Kg7 31. b4 axb4 32. axb4 Na6 33. Kc3 Kf6 0-1

[Event "Rennes op 6th"]
[Site "Rennes"]
[Date "2013.07.10"]
[Round "6"]
[White "Reboud, Joseph"]
[Black "Le Goff, Ronan"]
[Result "0-1"]
[WhiteElo "1617"]
[BlackElo "2192"]
[PlyCount "68"]
[EventDate "2013.07.06"]
[EventType "swiss"]
[EventRounds "9"]
[EventCountry "FRA"]
[SourceTitle "CBM 155 Extra"]
[Source "ChessBase"]
[SourceDate "2013.08.26"]
[SourceVersion "1"]
[SourceVersionDate "2013.08.26"]
[SourceQuality "1"]

1. d4 d5 2. c4 e6 3. Nc3 Be7 4. Nf3 Nf6 5. cxd5 exd5 6. Qc2 0-0 7. Bf4 c6 8. e3 Nbd7 9. Bd3 Re8 10. 0-0 Nf8 11. Ne5 Bd6 12. Rfe1 Ng6 13. Nxg6 hxg6 14. Rac1 Bxf4 15. exf4 Rxe1+ 16. Rxe1 Qd6 17. Qd2 Bd7 18. a3 b6 19. f3 Rd8 20. Ne2 c5 21. Rc1 Bc8 22. Qc3 c4 23. Bb1 Re8 24. Qd2 a5 25. Nc3 Bd7 26. Re1 Rxe1+ 27. Qxe1 Qxf4 28. Qd1 b5 29. Na2 Qe3+ 30. Kf1 g5 31. Qc1 Qxd4 32. Nc3 b4 33. axb4 axb4 34. Ne2 Qe5 0-1

[Event "Rennes op 6th"]
[Site "Rennes"]
[Date "2013.07.08"]
[Round "4"]
[White "Reboud, Joseph"]
[Black "Meijers, Viesturs"]
[Result "0-1"]
[WhiteElo "1617"]
[BlackElo "2470"]
[PlyCount "33"]
[EventDate "2013.07.06"]
[EventType "swiss"]
[EventRounds "9"]
[EventCountry "FRA"]
[SourceTitle "CBM 155 Extra"]
[Source "ChessBase"]
[SourceDate "2013.08.26"]
[SourceVersion "1"]
[SourceVersionDate "2013.08.26"]
[SourceQuality "1"]

1. d4 Nf6 2. c4 e6 3. Nc3 Bb4 4. e3 Bxc3+ 5. bxc3 b6 6. Bd3 Bb7 7. Nf3 d6 8. 0-0 Nbd7 9. Qe2 Ne4 10. Qc2 f5 11. Bb2 0-0 12. Qb3 Rf6 13. Rad1 Rg6 14. Ba3 Nec5 15. dxc5 Bxf3 16. g3 Qh4 17. Rfe1 0-1

[Event "FRA-chT U20 16 GP Haute 1213"]
[Site "France"]
[Date "2013.05.18"]
[Round "8"]
[White "Cras, Gildas"]
[Black "Reboud, Joseph"]
[Result "1/2-1/2"]
[WhiteElo "1516"]
[BlackElo "1577"]
[PlyCount "120"]
[EventDate "2012.12.01"]
[EventType "team"]
[EventRounds "11"]
[EventCountry "FRA"]
[SourceTitle "EXT 2014"]
[Source "ChessBase"]
[SourceDate "2013.11.20"]
[SourceVersion "1"]
[SourceVersionDate "2013.11.20"]
[SourceQuality "1"]
[WhiteTeam "Bois Colombes (U20)"]
[BlackTeam "Nancy (U20)"]
[WhiteTeamCountry "FRA"]
[BlackTeamCountry "FRA"]

1. e4 e6 2. d4 d5 3. exd5 exd5 4. Nf3 Bd6 5. c4 Nf6 6. Nc3 dxc4 7. Bxc4 0-0 8. 0-0 b6 9. Bg5 Bb7 10. Re1 Nbd7 11. Ne5 h6 12. Nxd7 Qxd7 13. Bxf6 gxf6 14. Nd5 Bxd5 15. Bxd5 Bxh2+ 16. Kxh2 Qxd5 17. Re3 Rad8 18. Rg3+ Kh7 19. Qd3+ Kh8 20. Rh3 Qg5 21. Rh1 Qf4+ 22. Kg1 Qc1+ 23. Kh2 Qf4+ 24. Kg1 Qc1+ 25. Qf1 Qxf1+ 26. Kxf1 Rxd4 27. Rxh6+ Kg7 28. R6h3 Rd1+ 29. Ke2 Rxh1 30. Rxh1 Rd8 31. Rc1 Rd7 32. Rc3 c5 33. Rg3+ Kf8 34. Rf3 Ke7 35. Re3+ Kd8 36. Re4 Kc7 37. Rf4 Rd6 38. Rf3 b5 39. Rd3 Re6+ 40. Kd2 a5 41. Rc3 Kb6 42. b3 a4 43. Kd1 b4 44. Rc4 Kb5 45. Rc2 axb3 46. axb3 Ra6 47. Kc1 f5 48. Kb2 Rd6 49. Re2 Re6 50. Rd2 Kc6 51. Rc2 Rd6 52. Re2 Re6 53. Rd2 Rd6 54. Rc2 Re6 55. Ka2 Rd6 56. Kb2 Re6 57. Rd2 Rd6 58. Rc2 Re6 59. Kc1 Re1+ 60. Kb2 Re6 1/2-1/2

[Event "FRA-chT U20"]
[Site "France"]
[Date "2012.05.26"]
[Round "8"]
[White "Ariza, Thomas"]
[Black "Reboud, Joseph"]
[Result "1-0"]
[WhiteElo "1721"]
[BlackElo "1541"]
[PlyCount "171"]
[EventDate "2012.05.26"]
[EventType "team-swiss"]
[EventRounds "9"]
[EventCountry "FRA"]
[SourceTitle "EXT 2014"]
[Source "ChessBase"]
[SourceDate "2013.11.20"]
[SourceVersion "1"]
[SourceVersionDate "2013.11.20"]
[SourceQuality "1"]

1. g3 d5 2. Bg2 Nf6 3. Nf3 b6 4. d3 Nbd7 5. 0-0 e5 6. Nbd2 Bd6 7. e4 dxe4 8. Nxe4 Bb7 9. Nxd6+ cxd6 10. Qe2 0-0 11. Nd2 Bxg2 12. Kxg2 Qc7 13. Nc4 d5 14. Ne3 Rac8 15. c3 Rfe8 16. Nf5 Nc5 17. Qd1 Qd7 18. Nh4 Qb5 19. Nf5 Qd7 20. g4 Rc6 21. h3 Nb7 22. Ng3 Rce6 23. g5 Qc6 24. gxf6 d4+ 25. Qf3 Qxf3+ 26. Kxf3 Rxf6+ 27. Kg2 dxc3 28. bxc3 Rd6 29. Rd1 Red8 30. d4 exd4 31. Nf5 R6d7 32. Nxd4 Nc5 33. Re1 Na4 34. Bd2 a5 35. Re2 b5 36. Rae1 Kf8 37. Nb3 Nb2 38. Be3 Nd3 39. Bc5+ Nxc5 40. Nxc5 Rc7 41. Re5 g6 42. Nb3 a4 43. Nd4 Rxc3 44. Nxb5 Rc2 45. R1e2 Rc6 46. R5e4 Rb8 47. Nd4 Rcb6 48. Nf3 a3 49. Ne5 R8b7 50. Nc4 Ra6 51. R2e3 Rba7 52. Re8+ Kg7 53. Rd8 Ra4 54. Nd6 Rb4 55. Ne8+ Kh6 56. Rdd3 Rb2 57. Rxa3 Rxa2 58. Rxa2 Rxa2 59. Re7 Ra8 60. Nc7 Rf8 61. Kg3 f5 62. Ne6 Ra8 63. h4 Rg8 64. Ng5 Rg7 65. Rxg7 Kxg7 66. f4 h6 67. Nh3 Kf6 68. Kf3 Ke6 69. Ke3 Kd5 70. Kd3 Kc5 71. Nf2 Kd5 72. Ke3 Kc5 73. Nh1 Kd5 74. Kd3 Kc5 75. Ng3 Kd5 76. h5 gxh5 77. Nxf5 Ke6 78. Nxh6 h4 79. Ke4 h3 80. Ng4 Kf7 81. Ke5 Ke7 82. f5 Kf7 83. f6 Kf8 84. Ke6 Ke8 85. f7+ Kf8 86. Nh2 1-0

[Event "FRA-chT U20 1112"]
[Site "France"]
[Date "2011.12.18"]
[Round "5"]
[White "Reboud, Joseph"]
[Black "Ferrari, Louis"]
[Result "1-0"]
[WhiteElo "1486"]
[BlackElo "1658"]
[PlyCount "29"]
[EventDate "2011.12.03"]
[EventType "team-swiss"]
[EventRounds "7"]
[EventCountry "FRA"]
[SourceTitle "EXT 2013"]
[Source "ChessBase"]
[SourceDate "2012.11.22"]
[SourceVersion "1"]
[SourceVersionDate "2012.11.22"]
[SourceQuality "1"]

1. e4 c6 2. d4 d5 3. Nc3 dxe4 4. f3 exf3 5. Nxf3 Nd7 6. Bc4 Ngf6 7. 0-0 e6 8. Qe1 Nb6 9. Bd3 Bd6 10. Bg5 h6 11. Qh4 0-0 12. Bxh6 gxh6 13. Qxh6 Re8 14. Ng5 Bxh2+ 15. Kh1 1-0

[Event "FRA-chT U20 1112"]
[Site "France"]
[Date "2011.12.17"]
[Round "4"]
[White "Reboud, Joseph"]
[Black "Lavault, Samuel"]
[Result "1-0"]
[WhiteElo "1486"]
[BlackElo "1510"]
[PlyCount "43"]
[EventDate "2011.12.03"]
[EventType "team-swiss"]
[EventRounds "7"]
[EventCountry "FRA"]
[SourceTitle "EXT 2013"]
[Source "ChessBase"]
[SourceDate "2012.11.22"]
[SourceVersion "1"]
[SourceVersionDate "2012.11.22"]
[SourceQuality "1"]

1. e4 c5 2. Nf3 d6 3. b4 b6 4. Bc4 Nd7 5. Bxf7+ Kxf7 6. Ng5+ Ke8 7. Ne6 Bb7 8. Nxd8 Rxd8 9. d3 Ngf6 10. f4 g6 11. 0-0 Bg7 12. Bb2 Kf8 13. Nd2 cxb4 14. Rb1 a5 15. Nf3 h6 16. Nh4 Kf7 17. e5 Nd5 18. e6+ Kg8 19. exd7 Ne3 20. Qe2 Nxf1 21. Kxf1 Rxd7 22. Qe6+ 1-0